LITTLE SHEGO / (Record no. 15247)
[ view plain ]
| 000 -الفاتح | |
|---|---|
| حقل البيانات ثابتة الطول | 00548nam a2200217Ia 4500 |
| 008 - عناصر البيانات ثابتة الطول - معلومات عامة | |
| حقل البيانات ثابتة الطول | 140319s9999 xx 000 0 eng d |
| 040 ## - مصدر الفهرسة | |
| وكالة الفهرسة الأصلية | GCL / |
| وكالة النسخ | GCL |
| 082 04 - رقم تصنيف ديوى العشرى | |
| رقم التصنيف | CH |
| رقم المادة | 891.7 |
| -- | S L |
| 100 1# - المدخل الرئيسى - إسم شخصى | |
| الإسم الشخصى | GLAGOLEVA, FINNA |
| 245 10 - بيان العنوان | |
| العنوان | LITTLE SHEGO / |
| بيان المسئوليه,etc | GLAGOLEVA, FINNA |
| 700 1# - المدخل الاضافى - اسم شخصى | |
| الإسم الشخصى | SAPGIR, G |
| 700 1# - المدخل الاضافى - اسم شخصى | |
| الإسم الشخصى | SOBOLEV, V |
| 700 1# - المدخل الاضافى - اسم شخصى | |
| الإسم الشخصى | REPKIN, P |
| 300 ## - الوصف المادى | |
| التعداد | 20 P |
| 650 04 - المدخل الاضافى بالموضوع-مصطلح موضوعى | |
| مصطلح موضوعي | RUSSIAN LITERATURE |
| 650 04 - المدخل الاضافى بالموضوع-مصطلح موضوعى | |
| مصطلح موضوعي | RUSSIA - FICTION |
| 650 04 - المدخل الاضافى بالموضوع-مصطلح موضوعى | |
| مصطلح موضوعي | CHILDREN - FICTION |
| 942 ## - عناصر المدخل الإضافي( كوها) | |
| مصدر التصنيف او مخطط الترفيف | Dewey Decimal Classification |
| Koha [default] item type | كتاب |
| 260 ## - PUBLICATION, DISTRIBUTION, ETC. (IMPRINT) | |
| -- | [S.N] : |
| -- | UNION OF SOVIET FILM WORKERS |
| حالة التراجع | حالة الفقد | حالة تلف | ليس للاعارة | المكان المؤقت | الموقع الحالى | تاريخ الاكتساب | اجمالي اﻻعارات | رقم الطلب | الباركود | تاريخ اخر مشاهدة | تاريخ تفعيل السعر | نوع وعاء كوها |
|---|---|---|---|---|---|---|---|---|---|---|---|---|
| مكتبة القاهرة الكبرى | مكتبة القاهرة الكبرى | 03/26/2014 | CH\891.7\S L | 28311 | 03/26/2014 | 03/26/2014 | كتاب |

